000 00550nam a2200205 a 4500
001 17344
003 CO-ViMGA
008 141112s2004 ck r 000 u spa d
020 _a8448020510
040 _aCO-ViMGA
_bspa
_cCO-ViMGA
082 0 4 _aMONo
100 1 _aMontgomery, R.A.
_924668
245 1 0 _aEl castillo de la oscuridad
260 _aBarcelona (España),
_cTimun Mas,
_c1997
300 _a88.p.
490 _aElije tu propio escalofrío
650 1 4 _aCUENTOS DE FANTASMAS
_916121
650 1 4 _aCUENTOS DE TERROR
_91077
942 _2ddc
_cBK
999 _c26899
_d26899